Páginas de amado nervo /
Guardado en:
| Autor Principal: | |
|---|---|
| Formato: | Libro |
| Publicado: |
Buenos Aires :
Eudeba,
1964
|
| Edición: | 2a. ed. |
| Series: | Colección América
|
| Materias: | |
| Etiquetas: |
Agregar Etiqueta
Sin Etiquetas, Sea el primero en etiquetar este registro!
|
| LEADER | 00716nam a22002415a 4500 | ||
|---|---|---|---|
| 001 | CEM.cems004649 | ||
| 005 | 20100920115750.0 | ||
| 008 | 130507s1964##################000#0#####d | ||
| 003 | CEMS | ||
| 082 | 0 | 4 | |a M861.3 |
| 100 | 1 | |a Nervo, Amado | |
| 245 | 1 | 0 | |a Páginas de amado nervo / |c Amado Nervo |
| 250 | |a 2a. ed. | ||
| 260 | |a Buenos Aires : |b Eudeba, |c 1964 | ||
| 300 | |a 76 p. | ||
| 490 | 0 | |a Colección América | |
| 653 | |a Literatura | ||
| 653 | |a Literatura hispanoamericana | ||
| 653 | |a Poesías | ||
| 653 | |a Poesía mexicana 1889-1910 | ||
| 653 | |a Literatura mexicana | ||
| 859 | |a CEMS |b BIB. CEMS - 11 de abril |h M861.3 |i N359a2 |p 8535.80 |t Ej.1 | ||
| 859 | |a CEMS |b BIB. CEMS - 11 de abril |h M861.3 |i N359a2 |p 8648.81 |t Ej.2 | ||
